Odpowiedź zaczyna się na B - Statystyki

Ogólne statystyki
  • Ten quiz został rozwiązany 79 razy
  • Średni wynik to 7 z 15
Statystyki odpowiedzi
Opis Odpowiedź % Poprawnych
Jest drugim krajem na świecie, który zalegalizował małżeństwa osób tej samej płci; Jego powierzchnia wynosi 30 528 kilometrów kwadratowych, a liczba ludności przekracza 11 milionów. Belgia
88%
Roślina zielna, popularna jako przyprawa w kuchni, szczególnie w kuchni włoskiej. Bazylia
86%
Ssak z rodziny łasicowatych, charakteryzujący się charakterystycznym pasem na twarzy. Borsuk
86%
To choroba przenoszona przez kleszcze, spowodowana infekcją bakterią. Może objawiać się różnymi objawami, w tym skórnymi, neurologicznymi i stawowymi. Borelioza
71%
Były angielski piłkarz, ikona mody i celebryta, znany również z pracy charytatywnej - nazwisko Beckham
69%
Wybitny niemiecki kompozytor, uważany za jednego z najważniejszych twórców w historii muzyki klasycznej - nazwisko Beethoven
60%
Wieloletnia trawa, charakteryzująca się szybkim wzrostem i wykorzystywana w różnych celach, w tym jako budulec czy materiał do wyrobu mebli. Bambus
57%
Amerykańska piosenkarka, aktorka i przedsiębiorca, jedna z najbardziej wpływowych postaci w przemyśle muzycznym. Beyonce
57%
Imię 44. prezydenta Stanów Zjednoczonych Barack
47%
Założyciel i były CEO Amazon, jeden z najbogatszych ludzi na świecie - nazwisko Bezos
45%
Dziedzina zajmująca się organizacją, przechowywaniem i udostępnianiem zbiorów książek i innych materiałów w bibliotekach. Bibliotekarstwo
33%
Miasto to stolica Saint Kitts i Nevis, na wyspie Saint Kitts, port nad Morzem Karaibskim; 14 000 mieszkańców. Miasto jest siedzibą Wschodniokaraibskiego Banku Centralnego. Basseterre
17%
To przyrodzona ludzka tendencja do czerpania przyjemności i zadowolenia z kontaktu z naturą oraz innymi formami życia. Biofilia
7%
Miasto jest własnym okręgiem federalnym, w którym mieszka prezydent kraju; ma łączną powierzchnię 203 kilometrów kwadratowych. Przez dwa stulecia miasto znajdowało się pod panowaniem wicekrólewskości peruwiańskiej. Buenos Aires
7%
Subkultura i nurt literacki, który skupia się na eksploracji biotechnologii, genetyki i innych nauk biologicznych w kontekście literatury science fiction. Biopunk
0%
Nie znaleziono quizów pasujących do podanych kryteriów
Rozkład punktacji
Procent ludzi z każdym wynikiem
Percentyl według liczby udzielonych odpowiedzi
Twoja historia wyników
Nie rozwiązałeś tego quizu